ՀՀ Գիտությունների ազգային ակադեմիայի հիմնարար գիտական գրադարան  =   Fundamental Scientific Library of NAS RA

А.С. Шаповалов / (Record no. 251298)

MARC details
000 -LEADER
fixed length control field 00837nam a2200229 a 4500
001 - CONTROL NUMBER
control field 000677850
003 - CONTROL NUMBER IDENTIFIER
control field AM-YeHGA
005 - DATE AND TIME OF LATEST TRANSACTION
control field 20250617142118.0
008 - FIXED-LENGTH DATA ELEMENTS--GENERAL INFORMATION
fixed length control field 090812s1965 ||| r 000 0 rus d
040 ## - CATALOGING SOURCE
Original cataloging agency AM-YeHGA
041 0# - LANGUAGE CODE
Language code of text/sound track or separate title rus
090 ## - LOCALLY ASSIGNED LC-TYPE CALL NUMBER (OCLC); LOCAL CALL NUMBER (RLIN)
-- 252895
100 1# - MAIN ENTRY--PERSONAL NAME
Personal name Прохватилов, Юрий Алексеевич
245 10 - TITLE STATEMENT
Title А.С. Шаповалов /
Statement of responsibility, etc. Ю. Прохватилов.
260 ## - PUBLICATION, DISTRIBUTION, ETC.
Place of publication, distribution, etc. Ленинград :
Name of publisher, distributor, etc. Лениздат,
Date of publication, distribution, etc. 1965.
300 ## - PHYSICAL DESCRIPTION
Extent 36 с. :
Other physical details ил.
440 #0 - SERIES STATEMENT/ADDED ENTRY--TITLE
Title Узники Петропавловской крепости
504 ## - BIBLIOGRAPHY, ETC. NOTE
Bibliography, etc. note Библиогр.: с. 36
600 14 - SUBJECT ADDED ENTRY--PERSONAL NAME
Personal name Шаповалов, Александр Сидорович
653 0# - INDEX TERM--UNCONTROLLED
Uncontrolled term Общественная мысль России -19 в
653 0# - INDEX TERM--UNCONTROLLED
Uncontrolled term Революционное движение в России - 19 в
Holdings
Withdrawn status Lost status Damaged status Not for loan Collection Home library Current library Date acquired Total checkouts Full call number Barcode Date last seen Price effective from Koha item type Public note
        General Fundamental Scientific Library Fundamental Scientific Library 29/12/2016   PI/12627 FL0123126 29/12/2016 29/12/2016 Գրքեր / Books 30 Days Loan


ՀՀ ԳԱԱ հիմնարար գիտական գրադարան
ՀՀ,Երևան 0019
Մարշալ Բաղրամյան 24/6
հեռախոս:(374-10) 52-47-50
Հետադարձ կապ

All site content, except where otherwise noted, is licensed under a
Creative Commons License